| 000 | 01031nam a2200301 i 4500 | ||
|---|---|---|---|
| 001 | bg | ||
| 100 | 1 |
_aEINSTEIN, Albert _d(1879-1955) |
|
| 245 | 1 | 0 |
_aEwolucja fizyki : _brozwój poglądów od najdawniejszych pojęć do teorii względności i kwantów / _cAlbert Einstein, Leopold Infeld ; przekł. Ryszarda Gajewskiego. |
| 246 |
_iTyt. oryg.: _aThe evolution of physics |
||
| 250 | _a[Wyd. 4 przejrz. i popr.]. | ||
| 260 |
_aWarszawa : _bPrószyńki i S-ka, _c1998. |
||
| 300 |
_a257 s. : _bil. ; _c21 cm. |
||
| 490 | 1 | _aKlasycy Nauki | |
| 500 | _aTyt. oryg.: "The evolution of physics". | ||
| 504 | _aIndeks. | ||
| 650 | 9 |
_aFizyka _xhistoria |
|
| 700 | 1 |
_aINFELD, Leopold _d(1898-1968) |
|
| 700 | 1 |
_aGAJEWSKI, Ryszard. _eTł. |
|
| 830 | _aKlasycy Nauki | ||
| 020 | _a8371809859 | ||
| 040 | _cBPK | ||
| 041 | 1 |
_apol _heng |
|
| 080 | _a53 | ||
| 920 | _a83-7180-985-9 | ||
| 942 | _cKS | ||
| 008 | s pl f |000 0 pol | ||
| 999 |
_c52731 _d52731 |
||
| 856 |
_uhttp://koha.tu.koszalin.pl/cgi-bin/koha/opac-detail.pl?biblionumber=52731 _yKatalog online BPK |
||